<?xml version="1.0" encoding="UTF-8"?>
<record
    xmlns:xsi="http://www.w3.org/2001/XMLSchema-instance"
    xsi:schemaLocation="http://www.loc.gov/MARC21/slim http://www.loc.gov/standards/marcxml/schema/MARC21slim.xsd"
    xmlns="http://www.loc.gov/MARC21/slim">

  <leader>00906nas a2200301 454500</leader>
  <controlfield tag="001">36492</controlfield>
  <controlfield tag="005">20260407193509.0</controlfield>
  <controlfield tag="008">260407s1996####ag###########|||spa#d</controlfield>
  <controlfield tag="003">AR-UNSa-BCEJYS</controlfield>
  <datafield tag="040" ind1=" " ind2=" ">
    <subfield code="a">AR-UNSa-BCEJYS</subfield>
    <subfield code="b">spa</subfield>
    <subfield code="c">AR-UNSa-BCEJYS</subfield>
  </datafield>
  <datafield tag="080" ind1=" " ind2=" ">
    <subfield code="a">330</subfield>
    <subfield code="x">Econom&#xED;a en general</subfield>
  </datafield>
  <datafield tag="245" ind1="1" ind2="0">
    <subfield code="a">Economic Issues</subfield>
  </datafield>
  <datafield tag="022" ind1=" " ind2=" ">
    <subfield code="a">1020-5098</subfield>
  </datafield>
  <datafield tag="264" ind1=" " ind2="1">
    <subfield code="a">Washington :</subfield>
    <subfield code="b">International Monetary Fund</subfield>
    <subfield code="c">1996</subfield>
  </datafield>
  <datafield tag="310" ind1=" " ind2=" ">
    <subfield code="a">Frecuencia: Irregular</subfield>
  </datafield>
  <datafield tag="041" ind1=" " ind2=" ">
    <subfield code="a">spa</subfield>
  </datafield>
  <datafield tag="942" ind1=" " ind2=" ">
    <subfield code="c">SER</subfield>
  </datafield>
  <datafield tag="590" ind1=" " ind2=" ">
    <subfield code="a">niveau_biblio:s niveau_hierar:1</subfield>
  </datafield>
  <datafield tag="100" ind1="1" ind2=" ">
    <subfield code="a">International Monetary Fund</subfield>
  </datafield>
  <datafield tag="650" ind1=" " ind2=" ">
    <subfield code="a">Tipo de cambio</subfield>
  </datafield>
  <datafield tag="650" ind1=" " ind2=" ">
    <subfield code="a">Inflaci&#xF3;n</subfield>
  </datafield>
  <datafield tag="650" ind1=" " ind2=" ">
    <subfield code="a">Datos estad&#xED;sticos</subfield>
  </datafield>
  <datafield tag="650" ind1=" " ind2=" ">
    <subfield code="a">Corrupci&#xF3;n</subfield>
  </datafield>
  <datafield tag="650" ind1=" " ind2=" ">
    <subfield code="a">Crecimiento econ&#xF3;mico</subfield>
  </datafield>
  <datafield tag="650" ind1=" " ind2=" ">
    <subfield code="a">Investigaci&#xF3;n econ&#xF3;mica</subfield>
  </datafield>
  <datafield tag="650" ind1=" " ind2=" ">
    <subfield code="a">ECONOMIA</subfield>
  </datafield>
  <datafield tag="856" ind1="4" ind2="1">
    <subfield code="u">https://biblioeco.unsa.edu.ar/pmb/images/revistas/economicIssues.jpg</subfield>
    <subfield code="y">Imagen de portada</subfield>
    <subfield code="q">image/jpeg</subfield>
  </datafield>
  <datafield tag="999" ind1=" " ind2=" ">
    <subfield code="c">8783</subfield>
    <subfield code="d">8783</subfield>
  </datafield>
  <datafield tag="952" ind1=" " ind2=" ">
    <subfield code="0">0</subfield>
    <subfield code="1">0</subfield>
    <subfield code="4">0</subfield>
    <subfield code="7">0</subfield>
    <subfield code="a">BCEJYS</subfield>
    <subfield code="b">BCEJYS</subfield>
    <subfield code="c">13</subfield>
    <subfield code="d">2007-01-01</subfield>
    <subfield code="h">N&#xBA; 40 - ene. 2007</subfield>
    <subfield code="l">0</subfield>
    <subfield code="o">H330 ISS 40</subfield>
    <subfield code="p">R20893</subfield>
    <subfield code="r">2026-04-10 16:09:50</subfield>
    <subfield code="w">2026-04-10</subfield>
    <subfield code="y">RN</subfield>
  </datafield>
  <datafield tag="952" ind1=" " ind2=" ">
    <subfield code="0">0</subfield>
    <subfield code="1">0</subfield>
    <subfield code="4">0</subfield>
    <subfield code="7">0</subfield>
    <subfield code="a">BCEJYS</subfield>
    <subfield code="b">BCEJYS</subfield>
    <subfield code="c">13</subfield>
    <subfield code="d">2006-12-01</subfield>
    <subfield code="h">N&#xBA; 39 - dic. 2006</subfield>
    <subfield code="l">0</subfield>
    <subfield code="o">H330 ISS 39</subfield>
    <subfield code="p">R20892</subfield>
    <subfield code="r">2026-04-10 16:09:50</subfield>
    <subfield code="w">2026-04-10</subfield>
    <subfield code="y">RN</subfield>
  </datafield>
  <datafield tag="952" ind1=" " ind2=" ">
    <subfield code="0">0</subfield>
    <subfield code="1">0</subfield>
    <subfield code="4">0</subfield>
    <subfield code="7">0</subfield>
    <subfield code="a">BCEJYS</subfield>
    <subfield code="b">BCEJYS</subfield>
    <subfield code="c">13</subfield>
    <subfield code="d">2006-06-01</subfield>
    <subfield code="h">N&#xBA; 37 - jun. 2006</subfield>
    <subfield code="l">0</subfield>
    <subfield code="o">H330 ISS 37</subfield>
    <subfield code="p">R20891</subfield>
    <subfield code="r">2026-04-10 16:09:50</subfield>
    <subfield code="w">2026-04-10</subfield>
    <subfield code="y">RN</subfield>
  </datafield>
  <datafield tag="952" ind1=" " ind2=" ">
    <subfield code="0">0</subfield>
    <subfield code="1">0</subfield>
    <subfield code="4">0</subfield>
    <subfield code="7">0</subfield>
    <subfield code="a">BCEJYS</subfield>
    <subfield code="b">BCEJYS</subfield>
    <subfield code="c">17</subfield>
    <subfield code="d">2005-06-01</subfield>
    <subfield code="h">N&#xBA; 35 - jun. 2005</subfield>
    <subfield code="l">0</subfield>
    <subfield code="o">H330 ISS 35</subfield>
    <subfield code="p">R22140</subfield>
    <subfield code="r">2026-04-10 16:09:50</subfield>
    <subfield code="w">2026-04-10</subfield>
    <subfield code="y">RN</subfield>
  </datafield>
  <datafield tag="952" ind1=" " ind2=" ">
    <subfield code="0">0</subfield>
    <subfield code="1">0</subfield>
    <subfield code="4">0</subfield>
    <subfield code="7">0</subfield>
    <subfield code="a">BCEJYS</subfield>
    <subfield code="b">BCEJYS</subfield>
    <subfield code="c">13</subfield>
    <subfield code="d">2004-03-01</subfield>
    <subfield code="h">N&#xBA; 33 - mar. 2004</subfield>
    <subfield code="l">0</subfield>
    <subfield code="o">H330 ISS 33</subfield>
    <subfield code="p">R20890</subfield>
    <subfield code="r">2026-04-10 16:09:50</subfield>
    <subfield code="w">2026-04-10</subfield>
    <subfield code="y">RN</subfield>
  </datafield>
  <datafield tag="952" ind1=" " ind2=" ">
    <subfield code="0">0</subfield>
    <subfield code="1">0</subfield>
    <subfield code="4">0</subfield>
    <subfield code="7">0</subfield>
    <subfield code="a">BCEJYS</subfield>
    <subfield code="b">BCEJYS</subfield>
    <subfield code="c">13</subfield>
    <subfield code="d">2004-01-01</subfield>
    <subfield code="h">N&#xBA; 32 - ene. 2004</subfield>
    <subfield code="l">0</subfield>
    <subfield code="o">H330 ISS 32</subfield>
    <subfield code="p">R20889</subfield>
    <subfield code="r">2026-04-10 16:09:50</subfield>
    <subfield code="w">2026-04-10</subfield>
    <subfield code="y">RN</subfield>
  </datafield>
  <datafield tag="952" ind1=" " ind2=" ">
    <subfield code="0">0</subfield>
    <subfield code="1">0</subfield>
    <subfield code="4">0</subfield>
    <subfield code="7">0</subfield>
    <subfield code="a">BCEJYS</subfield>
    <subfield code="b">BCEJYS</subfield>
    <subfield code="c">17</subfield>
    <subfield code="d">2002-06-01</subfield>
    <subfield code="h">N&#xBA; 31 - jun. 2002</subfield>
    <subfield code="l">0</subfield>
    <subfield code="o">H330 ISS 31</subfield>
    <subfield code="p">R18903</subfield>
    <subfield code="r">2026-04-10 16:09:50</subfield>
    <subfield code="w">2026-04-10</subfield>
    <subfield code="y">RN</subfield>
  </datafield>
  <datafield tag="952" ind1=" " ind2=" ">
    <subfield code="0">0</subfield>
    <subfield code="1">0</subfield>
    <subfield code="4">0</subfield>
    <subfield code="7">0</subfield>
    <subfield code="a">BCEJYS</subfield>
    <subfield code="b">BCEJYS</subfield>
    <subfield code="c">17</subfield>
    <subfield code="d">2002-03-05</subfield>
    <subfield code="h">N&#xBA; 30 - mar. 2002</subfield>
    <subfield code="l">0</subfield>
    <subfield code="o">H330 ISS 30</subfield>
    <subfield code="p">R18902</subfield>
    <subfield code="r">2026-04-10 16:09:50</subfield>
    <subfield code="w">2026-04-10</subfield>
    <subfield code="y">RN</subfield>
  </datafield>
  <datafield tag="952" ind1=" " ind2=" ">
    <subfield code="0">0</subfield>
    <subfield code="1">0</subfield>
    <subfield code="4">0</subfield>
    <subfield code="7">0</subfield>
    <subfield code="a">BCEJYS</subfield>
    <subfield code="b">BCEJYS</subfield>
    <subfield code="c">17</subfield>
    <subfield code="d">2002-03-04</subfield>
    <subfield code="h">N&#xBA; 29 - mar. 2002</subfield>
    <subfield code="l">0</subfield>
    <subfield code="o">H330 ISS 29</subfield>
    <subfield code="p">R18900</subfield>
    <subfield code="r">2026-04-10 16:09:50</subfield>
    <subfield code="w">2026-04-10</subfield>
    <subfield code="y">RN</subfield>
  </datafield>
  <datafield tag="952" ind1=" " ind2=" ">
    <subfield code="0">0</subfield>
    <subfield code="1">0</subfield>
    <subfield code="4">0</subfield>
    <subfield code="7">0</subfield>
    <subfield code="a">BCEJYS</subfield>
    <subfield code="b">BCEJYS</subfield>
    <subfield code="c">17</subfield>
    <subfield code="d">2002-03-02</subfield>
    <subfield code="h">N&#xBA; 28 - mar. 2002</subfield>
    <subfield code="l">0</subfield>
    <subfield code="o">H330 ISS 28</subfield>
    <subfield code="p">R18894</subfield>
    <subfield code="r">2026-04-10 16:09:50</subfield>
    <subfield code="w">2026-04-10</subfield>
    <subfield code="y">RN</subfield>
  </datafield>
  <datafield tag="952" ind1=" " ind2=" ">
    <subfield code="0">0</subfield>
    <subfield code="1">0</subfield>
    <subfield code="4">0</subfield>
    <subfield code="7">0</subfield>
    <subfield code="a">BCEJYS</subfield>
    <subfield code="b">BCEJYS</subfield>
    <subfield code="c">17</subfield>
    <subfield code="d">2001-03-03</subfield>
    <subfield code="h">N&#xBA; 27 - mar. 2001</subfield>
    <subfield code="l">0</subfield>
    <subfield code="o">H330 ISS 27</subfield>
    <subfield code="p">R18892</subfield>
    <subfield code="r">2026-04-10 16:09:50</subfield>
    <subfield code="w">2026-04-10</subfield>
    <subfield code="y">RN</subfield>
  </datafield>
  <datafield tag="952" ind1=" " ind2=" ">
    <subfield code="0">0</subfield>
    <subfield code="1">0</subfield>
    <subfield code="4">0</subfield>
    <subfield code="7">0</subfield>
    <subfield code="a">BCEJYS</subfield>
    <subfield code="b">BCEJYS</subfield>
    <subfield code="c">17</subfield>
    <subfield code="d">2001-03-02</subfield>
    <subfield code="h">N&#xBA; 26 - mar. 2001</subfield>
    <subfield code="l">0</subfield>
    <subfield code="o">H330 ISS 26</subfield>
    <subfield code="p">R18897</subfield>
    <subfield code="r">2026-04-10 16:09:50</subfield>
    <subfield code="w">2026-04-10</subfield>
    <subfield code="y">RN</subfield>
  </datafield>
  <datafield tag="952" ind1=" " ind2=" ">
    <subfield code="0">0</subfield>
    <subfield code="1">0</subfield>
    <subfield code="4">0</subfield>
    <subfield code="7">0</subfield>
    <subfield code="a">BCEJYS</subfield>
    <subfield code="b">BCEJYS</subfield>
    <subfield code="c">17</subfield>
    <subfield code="d">2000-12-02</subfield>
    <subfield code="h">N&#xBA; 25 - dic. 2000</subfield>
    <subfield code="l">0</subfield>
    <subfield code="o">H330 ISS 25</subfield>
    <subfield code="p">R18887</subfield>
    <subfield code="r">2026-04-10 16:09:50</subfield>
    <subfield code="w">2026-04-10</subfield>
    <subfield code="y">RN</subfield>
  </datafield>
  <datafield tag="952" ind1=" " ind2=" ">
    <subfield code="0">0</subfield>
    <subfield code="1">0</subfield>
    <subfield code="4">0</subfield>
    <subfield code="7">0</subfield>
    <subfield code="a">BCEJYS</subfield>
    <subfield code="b">BCEJYS</subfield>
    <subfield code="c">17</subfield>
    <subfield code="d">2000-12-01</subfield>
    <subfield code="h">N&#xBA; 24 - dic. 2000</subfield>
    <subfield code="l">0</subfield>
    <subfield code="o">H330 ISS 24</subfield>
    <subfield code="p">R18884</subfield>
    <subfield code="r">2026-04-10 16:09:50</subfield>
    <subfield code="w">2026-04-10</subfield>
    <subfield code="y">RN</subfield>
  </datafield>
  <datafield tag="952" ind1=" " ind2=" ">
    <subfield code="0">0</subfield>
    <subfield code="1">0</subfield>
    <subfield code="4">0</subfield>
    <subfield code="7">0</subfield>
    <subfield code="a">BCEJYS</subfield>
    <subfield code="b">BCEJYS</subfield>
    <subfield code="c">13</subfield>
    <subfield code="d">2000-08-01</subfield>
    <subfield code="h">N&#xBA; 23 - ago. 2000</subfield>
    <subfield code="l">0</subfield>
    <subfield code="o">H330 ISS 23</subfield>
    <subfield code="p">R20888</subfield>
    <subfield code="r">2026-04-10 16:09:50</subfield>
    <subfield code="w">2026-04-10</subfield>
    <subfield code="y">RN</subfield>
  </datafield>
  <datafield tag="952" ind1=" " ind2=" ">
    <subfield code="0">0</subfield>
    <subfield code="1">0</subfield>
    <subfield code="4">0</subfield>
    <subfield code="7">0</subfield>
    <subfield code="a">BCEJYS</subfield>
    <subfield code="b">BCEJYS</subfield>
    <subfield code="c">17</subfield>
    <subfield code="d">2000-07-02</subfield>
    <subfield code="h">N&#xBA; 22 - jul. 2000</subfield>
    <subfield code="l">0</subfield>
    <subfield code="o">H330 ISS 22</subfield>
    <subfield code="p">R18883</subfield>
    <subfield code="r">2026-04-10 16:09:50</subfield>
    <subfield code="w">2026-04-10</subfield>
    <subfield code="y">RN</subfield>
  </datafield>
  <datafield tag="952" ind1=" " ind2=" ">
    <subfield code="0">0</subfield>
    <subfield code="1">0</subfield>
    <subfield code="4">0</subfield>
    <subfield code="7">0</subfield>
    <subfield code="a">BCEJYS</subfield>
    <subfield code="b">BCEJYS</subfield>
    <subfield code="c">17</subfield>
    <subfield code="d">2000-07-01</subfield>
    <subfield code="h">N&#xBA; 21 - jul. 2000</subfield>
    <subfield code="l">0</subfield>
    <subfield code="o">H330 ISS 21</subfield>
    <subfield code="p">R18881</subfield>
    <subfield code="r">2026-04-10 16:09:50</subfield>
    <subfield code="w">2026-04-10</subfield>
    <subfield code="y">RN</subfield>
  </datafield>
  <datafield tag="952" ind1=" " ind2=" ">
    <subfield code="0">0</subfield>
    <subfield code="1">0</subfield>
    <subfield code="4">0</subfield>
    <subfield code="7">0</subfield>
    <subfield code="a">BCEJYS</subfield>
    <subfield code="b">BCEJYS</subfield>
    <subfield code="c">13</subfield>
    <subfield code="d">2000-04-01</subfield>
    <subfield code="h">N&#xBA; 20 - abr. 2000</subfield>
    <subfield code="l">0</subfield>
    <subfield code="o">H330 ISS 20</subfield>
    <subfield code="p">R20887</subfield>
    <subfield code="r">2026-04-10 16:09:50</subfield>
    <subfield code="w">2026-04-10</subfield>
    <subfield code="y">RN</subfield>
  </datafield>
  <datafield tag="952" ind1=" " ind2=" ">
    <subfield code="0">0</subfield>
    <subfield code="1">0</subfield>
    <subfield code="4">0</subfield>
    <subfield code="7">0</subfield>
    <subfield code="a">BCEJYS</subfield>
    <subfield code="b">BCEJYS</subfield>
    <subfield code="c">13</subfield>
    <subfield code="d">1999-09-01</subfield>
    <subfield code="h">N&#xBA; 19 - sep. 1999</subfield>
    <subfield code="l">0</subfield>
    <subfield code="o">H330 ISS 19</subfield>
    <subfield code="p">R20886</subfield>
    <subfield code="r">2026-04-10 16:09:50</subfield>
    <subfield code="w">2026-04-10</subfield>
    <subfield code="y">RN</subfield>
  </datafield>
  <datafield tag="952" ind1=" " ind2=" ">
    <subfield code="0">0</subfield>
    <subfield code="1">0</subfield>
    <subfield code="4">0</subfield>
    <subfield code="7">0</subfield>
    <subfield code="a">BCEJYS</subfield>
    <subfield code="b">BCEJYS</subfield>
    <subfield code="c">13</subfield>
    <subfield code="d">1999-08-01</subfield>
    <subfield code="h">N&#xBA; 18 - ago. 1999</subfield>
    <subfield code="l">0</subfield>
    <subfield code="o">H330 ISS 18</subfield>
    <subfield code="p">R20885</subfield>
    <subfield code="r">2026-04-10 16:09:50</subfield>
    <subfield code="w">2026-04-10</subfield>
    <subfield code="y">RN</subfield>
  </datafield>
  <datafield tag="952" ind1=" " ind2=" ">
    <subfield code="0">0</subfield>
    <subfield code="1">0</subfield>
    <subfield code="4">0</subfield>
    <subfield code="7">0</subfield>
    <subfield code="a">BCEJYS</subfield>
    <subfield code="b">BCEJYS</subfield>
    <subfield code="c">13</subfield>
    <subfield code="d">1999-02-01</subfield>
    <subfield code="h">N&#xBA; 17 - feb. 1999</subfield>
    <subfield code="l">0</subfield>
    <subfield code="o">H330 ISS 17</subfield>
    <subfield code="p">R20884</subfield>
    <subfield code="r">2026-04-10 16:09:50</subfield>
    <subfield code="w">2026-04-10</subfield>
    <subfield code="y">RN</subfield>
  </datafield>
  <datafield tag="952" ind1=" " ind2=" ">
    <subfield code="0">0</subfield>
    <subfield code="1">0</subfield>
    <subfield code="4">0</subfield>
    <subfield code="7">0</subfield>
    <subfield code="a">BCEJYS</subfield>
    <subfield code="b">BCEJYS</subfield>
    <subfield code="c">13</subfield>
    <subfield code="d">1998-12-01</subfield>
    <subfield code="h">N&#xBA; 16 - dic. 1998</subfield>
    <subfield code="l">0</subfield>
    <subfield code="o">H330 ISS 16</subfield>
    <subfield code="p">R20883</subfield>
    <subfield code="r">2026-04-10 16:09:50</subfield>
    <subfield code="w">2026-04-10</subfield>
    <subfield code="y">RN</subfield>
  </datafield>
  <datafield tag="952" ind1=" " ind2=" ">
    <subfield code="0">0</subfield>
    <subfield code="1">0</subfield>
    <subfield code="4">0</subfield>
    <subfield code="7">0</subfield>
    <subfield code="a">BCEJYS</subfield>
    <subfield code="b">BCEJYS</subfield>
    <subfield code="c">17</subfield>
    <subfield code="d">1998-09-02</subfield>
    <subfield code="h">N&#xBA; 15 - sep. 1998</subfield>
    <subfield code="l">0</subfield>
    <subfield code="o">H330 ISS 15</subfield>
    <subfield code="p">R18880</subfield>
    <subfield code="r">2026-04-10 16:09:50</subfield>
    <subfield code="w">2026-04-10</subfield>
    <subfield code="y">RN</subfield>
  </datafield>
  <datafield tag="952" ind1=" " ind2=" ">
    <subfield code="0">0</subfield>
    <subfield code="1">0</subfield>
    <subfield code="4">0</subfield>
    <subfield code="7">0</subfield>
    <subfield code="a">BCEJYS</subfield>
    <subfield code="b">BCEJYS</subfield>
    <subfield code="c">13</subfield>
    <subfield code="d">1998-04-01</subfield>
    <subfield code="h">N&#xBA; 14 - abr. 1998</subfield>
    <subfield code="l">0</subfield>
    <subfield code="o">H330 ISS 14</subfield>
    <subfield code="p">R20882</subfield>
    <subfield code="r">2026-04-10 16:09:50</subfield>
    <subfield code="w">2026-04-10</subfield>
    <subfield code="y">RN</subfield>
  </datafield>
  <datafield tag="952" ind1=" " ind2=" ">
    <subfield code="0">0</subfield>
    <subfield code="1">0</subfield>
    <subfield code="4">0</subfield>
    <subfield code="7">0</subfield>
    <subfield code="a">BCEJYS</subfield>
    <subfield code="b">BCEJYS</subfield>
    <subfield code="c">17</subfield>
    <subfield code="d">1998-04-01</subfield>
    <subfield code="h">N&#xBA; 13 - abr. 1998</subfield>
    <subfield code="l">0</subfield>
    <subfield code="o">H330 ISS 13</subfield>
    <subfield code="p">R18879</subfield>
    <subfield code="r">2026-04-10 16:09:50</subfield>
    <subfield code="w">2026-04-10</subfield>
    <subfield code="y">RN</subfield>
  </datafield>
  <datafield tag="952" ind1=" " ind2=" ">
    <subfield code="0">0</subfield>
    <subfield code="1">0</subfield>
    <subfield code="4">0</subfield>
    <subfield code="7">0</subfield>
    <subfield code="a">BCEJYS</subfield>
    <subfield code="b">BCEJYS</subfield>
    <subfield code="c">17</subfield>
    <subfield code="d">1998-03-01</subfield>
    <subfield code="h">N&#xBA; 12 - mar. 1998</subfield>
    <subfield code="l">0</subfield>
    <subfield code="o">H330 ISS 12</subfield>
    <subfield code="p">R18878</subfield>
    <subfield code="r">2026-04-10 16:09:50</subfield>
    <subfield code="w">2026-04-10</subfield>
    <subfield code="y">RN</subfield>
  </datafield>
  <datafield tag="952" ind1=" " ind2=" ">
    <subfield code="0">0</subfield>
    <subfield code="1">0</subfield>
    <subfield code="4">0</subfield>
    <subfield code="7">0</subfield>
    <subfield code="a">BCEJYS</subfield>
    <subfield code="b">BCEJYS</subfield>
    <subfield code="c">17</subfield>
    <subfield code="d">1997-09-02</subfield>
    <subfield code="h">N&#xBA; 11 - sep. 1997</subfield>
    <subfield code="l">0</subfield>
    <subfield code="o">H330 ISS 11</subfield>
    <subfield code="p">R18877</subfield>
    <subfield code="r">2026-04-10 16:09:50</subfield>
    <subfield code="w">2026-04-10</subfield>
    <subfield code="y">RN</subfield>
  </datafield>
  <datafield tag="952" ind1=" " ind2=" ">
    <subfield code="0">0</subfield>
    <subfield code="1">0</subfield>
    <subfield code="4">0</subfield>
    <subfield code="7">0</subfield>
    <subfield code="a">BCEJYS</subfield>
    <subfield code="b">BCEJYS</subfield>
    <subfield code="c">17</subfield>
    <subfield code="d">1997-09-01</subfield>
    <subfield code="h">N&#xBA; 10 - sep. 1997</subfield>
    <subfield code="l">0</subfield>
    <subfield code="o">H330 ISS 10</subfield>
    <subfield code="p">R18876</subfield>
    <subfield code="r">2026-04-10 16:09:50</subfield>
    <subfield code="w">2026-04-10</subfield>
    <subfield code="y">RN</subfield>
  </datafield>
  <datafield tag="952" ind1=" " ind2=" ">
    <subfield code="0">0</subfield>
    <subfield code="1">0</subfield>
    <subfield code="4">0</subfield>
    <subfield code="7">0</subfield>
    <subfield code="a">BCEJYS</subfield>
    <subfield code="b">BCEJYS</subfield>
    <subfield code="c">13</subfield>
    <subfield code="d">1997-07-01</subfield>
    <subfield code="h">N&#xBA; 9 - jul. 1997</subfield>
    <subfield code="l">0</subfield>
    <subfield code="o">H330 ISS 9</subfield>
    <subfield code="p">R20881</subfield>
    <subfield code="r">2026-04-10 16:09:50</subfield>
    <subfield code="w">2026-04-10</subfield>
    <subfield code="y">RN</subfield>
  </datafield>
  <datafield tag="952" ind1=" " ind2=" ">
    <subfield code="0">0</subfield>
    <subfield code="1">0</subfield>
    <subfield code="4">0</subfield>
    <subfield code="7">0</subfield>
    <subfield code="a">BCEJYS</subfield>
    <subfield code="b">BCEJYS</subfield>
    <subfield code="c">17</subfield>
    <subfield code="d">1997-04-01</subfield>
    <subfield code="h">N&#xBA; 8 - abr. 1997</subfield>
    <subfield code="l">0</subfield>
    <subfield code="o">H330 ISS 8</subfield>
    <subfield code="p">R18875</subfield>
    <subfield code="r">2026-04-10 16:09:50</subfield>
    <subfield code="w">2026-04-10</subfield>
    <subfield code="y">RN</subfield>
  </datafield>
  <datafield tag="952" ind1=" " ind2=" ">
    <subfield code="0">0</subfield>
    <subfield code="1">0</subfield>
    <subfield code="4">0</subfield>
    <subfield code="7">0</subfield>
    <subfield code="a">BCEJYS</subfield>
    <subfield code="b">BCEJYS</subfield>
    <subfield code="c">17</subfield>
    <subfield code="d">1997-02-02</subfield>
    <subfield code="h">N&#xBA; 7 - feb. 1997</subfield>
    <subfield code="l">0</subfield>
    <subfield code="o">H330 ISS 7</subfield>
    <subfield code="p">R18874</subfield>
    <subfield code="r">2026-04-10 16:09:50</subfield>
    <subfield code="w">2026-04-10</subfield>
    <subfield code="y">RN</subfield>
  </datafield>
  <datafield tag="952" ind1=" " ind2=" ">
    <subfield code="0">0</subfield>
    <subfield code="1">0</subfield>
    <subfield code="4">0</subfield>
    <subfield code="7">0</subfield>
    <subfield code="a">BCEJYS</subfield>
    <subfield code="b">BCEJYS</subfield>
    <subfield code="c">17</subfield>
    <subfield code="d">1997-02-01</subfield>
    <subfield code="h">N&#xBA; 6 - feb. 1997</subfield>
    <subfield code="l">0</subfield>
    <subfield code="o">H330 ISS 6</subfield>
    <subfield code="p">R18873</subfield>
    <subfield code="r">2026-04-10 16:09:50</subfield>
    <subfield code="w">2026-04-10</subfield>
    <subfield code="y">RN</subfield>
  </datafield>
  <datafield tag="952" ind1=" " ind2=" ">
    <subfield code="0">0</subfield>
    <subfield code="1">0</subfield>
    <subfield code="4">0</subfield>
    <subfield code="7">0</subfield>
    <subfield code="a">BCEJYS</subfield>
    <subfield code="b">BCEJYS</subfield>
    <subfield code="c">17</subfield>
    <subfield code="d">1996-12-01</subfield>
    <subfield code="h">N&#xBA; 5 - dic. 1996</subfield>
    <subfield code="l">0</subfield>
    <subfield code="o">H330 ISS 5</subfield>
    <subfield code="p">R18872</subfield>
    <subfield code="r">2026-04-10 16:09:50</subfield>
    <subfield code="w">2026-04-10</subfield>
    <subfield code="y">RN</subfield>
  </datafield>
  <datafield tag="952" ind1=" " ind2=" ">
    <subfield code="0">0</subfield>
    <subfield code="1">0</subfield>
    <subfield code="4">0</subfield>
    <subfield code="7">0</subfield>
    <subfield code="a">BCEJYS</subfield>
    <subfield code="b">BCEJYS</subfield>
    <subfield code="c">17</subfield>
    <subfield code="d">1996-11-04</subfield>
    <subfield code="h">N&#xBA; 4 - nov. 1996</subfield>
    <subfield code="l">0</subfield>
    <subfield code="o">H330 ISS 4</subfield>
    <subfield code="p">R18848</subfield>
    <subfield code="r">2026-04-10 16:09:50</subfield>
    <subfield code="w">2026-04-10</subfield>
    <subfield code="y">RN</subfield>
  </datafield>
  <datafield tag="952" ind1=" " ind2=" ">
    <subfield code="0">0</subfield>
    <subfield code="1">0</subfield>
    <subfield code="4">0</subfield>
    <subfield code="7">0</subfield>
    <subfield code="a">BCEJYS</subfield>
    <subfield code="b">BCEJYS</subfield>
    <subfield code="c">13</subfield>
    <subfield code="d">1996-11-03</subfield>
    <subfield code="h">N&#xBA; 3 - nov. 1996</subfield>
    <subfield code="l">0</subfield>
    <subfield code="o">H330 ISS 3</subfield>
    <subfield code="p">R20880</subfield>
    <subfield code="r">2026-04-10 16:09:50</subfield>
    <subfield code="w">2026-04-10</subfield>
    <subfield code="y">RN</subfield>
  </datafield>
  <datafield tag="952" ind1=" " ind2=" ">
    <subfield code="0">0</subfield>
    <subfield code="1">0</subfield>
    <subfield code="4">0</subfield>
    <subfield code="7">0</subfield>
    <subfield code="a">BCEJYS</subfield>
    <subfield code="b">BCEJYS</subfield>
    <subfield code="c">13</subfield>
    <subfield code="d">1996-11-02</subfield>
    <subfield code="h">N&#xBA; 2 - nov. 1996</subfield>
    <subfield code="l">0</subfield>
    <subfield code="o">H330 ISS 2</subfield>
    <subfield code="p">R20879</subfield>
    <subfield code="r">2026-04-10 16:09:50</subfield>
    <subfield code="w">2026-04-10</subfield>
    <subfield code="y">RN</subfield>
  </datafield>
  <datafield tag="952" ind1=" " ind2=" ">
    <subfield code="0">0</subfield>
    <subfield code="1">0</subfield>
    <subfield code="4">0</subfield>
    <subfield code="7">0</subfield>
    <subfield code="a">BCEJYS</subfield>
    <subfield code="b">BCEJYS</subfield>
    <subfield code="c">13</subfield>
    <subfield code="d">1996-11-01</subfield>
    <subfield code="h">N&#xBA; 1 - nov. 1996</subfield>
    <subfield code="l">0</subfield>
    <subfield code="o">H330 ISS 1</subfield>
    <subfield code="p">R20878</subfield>
    <subfield code="r">2026-04-10 16:09:50</subfield>
    <subfield code="w">2026-04-10</subfield>
    <subfield code="y">RN</subfield>
  </datafield>
</record>
